000 00654nam a22002297a 4500
001 BR7375472
003 BR-BrBNA
005 20230928084423.0
007 ta
008 230509b bl.||||| |||| 00| 0 por d
040 _aBR-BrBNA
_bpor
_cBiblioteca Nacional de Agricultura
041 _a(Por)
072 _aE50
_b/G514
090 _ E50 BR7375472
100 1 _aMotas, E.F. da
245 1 _aO problema rural no Brasil (Sua importancia na vida Economica e Social do Pais)[Comunidade rural]
260 3 _aRio de Janeiro, GB (Brasil):
_c1947.
300 _a39 p.
650 _aCOMUNIDADE RURAL
909 _a202309
_bLucia
_c55
_dLucia Elande
942 _cBK
999 _c18843
_d18843